000 00457nam a22001577a 4500
005 20251108174619.0
008 250721s2008 xx 000 0 ara d
082 1 4 _a574/خال
100 1 _aسلامة، خالد ياسر
_eمؤلف
245 1 0 _aعلوم الأحياء /
264 1 _aعمان :
_bدار صفاء للنشر و التوزيع،
_c2008.
300 _a285 ص.
650 1 7 _aعلم الاحياا
942 _2ddc
_cBK
999 _c113603
_d113603